| Tag |
First Indicator |
Second Indicator |
Subfields |
| LEADER |
00000cam a2200000 4500 |
| 001 |
in00000307121 |
| 005 |
20151010140434.0 |
| 008 |
720525s1967 enkab b 00010 eng d |
| 010 |
|
|
|a 67011519
|
| 035 |
|
|
|a (OCoLC)00317747
|
| 035 |
|
|
|9 ABH2084AM
|
| 040 |
|
|
|c OSU
|d TXA
|d UtOrBLW
|
| 049 |
|
|
|a TXAM
|c [954251]
|
| 090 |
|
|
|a DA610
|b .D27
|
| 100 |
1 |
|
|a Darby, H. C.
|q (Henry Clifford),
|d 1909-1992.
|
| 245 |
1 |
4 |
|a The Domesday geography of South-west England /
|c edited by H. C. Darby and R. Welldon Finn.
|
| 264 |
|
1 |
|a London :
|b Cambridge U. P.,
|c 1967.
|
| 300 |
|
|
|a 469 pages :
|b illustrations, maps.
|
| 336 |
|
|
|a text
|b txt
|2 rdacontent
|
| 337 |
|
|
|a unmediated
|b n
|2 rdamedia
|
| 338 |
|
|
|a volume
|b nc
|2 rdacarrier
|
| 490 |
1 |
|
|a [The Domesday geography of England,
|v no. 5]
|
| 504 |
|
|
|a Includes bibliographies.
|
| 630 |
0 |
0 |
|a Domesday book.
|
| 651 |
|
0 |
|a England
|x Historical geography.
|
| 700 |
1 |
|
|a Finn, R. Welldon
|q (Rex Welldon)
|
| 830 |
|
0 |
|a Domesday geography of England ;
|v no. 5.
|
| 999 |
|
|
|a MARS
|
| 999 |
f |
f |
|s ab2aa9bf-36db-32c8-a349-afd743015962
|i 03deecd5-2e10-3fb7-8578-db8a448589c0
|t 0
|
| 952 |
f |
f |
|p normal
|a Texas A&M University
|b College Station
|c Sterling C. Evans Library
|d Evans: Library Stacks
|t 0
|e DA610 .D27
|h Library of Congress classification
|i unmediated -- volume
|m A14801938669
|
| 998 |
f |
f |
|a DA610 .D27
|t 0
|l Evans: Library Stacks
|